000
00351nam a2200133 a 4500
005
20140414132100.0
008
100702s19uu xx 00 eng d
050
_a
TR 513.211
_b
N971 2004
245
_a
Numbers.
260
_a
Malaysia :
_b
Little Sun Sdn. Bhd.
440
_a
Kindergarten series
650
_a
Mathematics-numbers-order
999
_c
114442
_d
114442